00329nam a2200145Ia 4500008004100000020001500041041001200056082001600068100001200084245002200096250000800118260003500126300000800161650001400169221030s9999 xx 000 0 und d a8178083841 aEnglish a105.23bNut aG. Nutt 0aOperating Systems a2nd bPearson EducationaDelhic2002 a611 aCOMPUTERS